Risks and reconstruction : (Record no. 1636)

MARC details
000 -LEADER
fixed length control field 01409cam a22003374a 4500
001 - CONTROL NUMBER
control field 11849141
003 - CONTROL NUMBER IDENTIFIER
control field OSt
005 - DATE AND TIME OF LATEST TRANSACTION
control field 20150428175606.0
008 - FIXED-LENGTH DATA ELEMENTS--GENERAL INFORMATION
fixed length control field 991123s2000 dcu b 000 0 eng
010 ## - LIBRARY OF CONGRESS CONTROL NUMBER
LC control number 99059266
020 ## - INTERNATIONAL STANDARD BOOK NUMBER
International Standard Book Number 0821344447
040 ## - CATALOGING SOURCE
Original cataloging agency DLC
Transcribing agency DLC
Modifying agency DLC
042 ## - AUTHENTICATION CODE
Authentication code pcc
050 00 - LIBRARY OF CONGRESS CALL NUMBER
Classification number HV640
Item number .R57 2000
082 00 - DEWEY DECIMAL CLASSIFICATION NUMBER
Classification number 362.87
Edition number 21
Item number RIS 2000
245 00 - TITLE STATEMENT
Title Risks and reconstruction :
Remainder of title experiences of resettlers and refugees /
Statement of responsibility, etc. edited by Michael M. Cernea, Christopher McDowell.
260 ## - PUBLICATION, DISTRIBUTION, ETC. (IMPRINT)
Place of publication, distribution, etc. Washington, DC :
Name of publisher, distributor, etc. World Bank,
Date of publication, distribution, etc. 2000.
300 ## - PHYSICAL DESCRIPTION
Extent xv, 487 p. ;
Dimensions 24 cm.
504 ## - BIBLIOGRAPHY, ETC. NOTE
Bibliography, etc Includes bibliographical references (p. 445-487).
650 #0 - SUBJECT ADDED ENTRY--TOPICAL TERM
Topical term or geographic name as entry element Refugees
Geographic subdivision Developing countries.
9 (RLIN) 4317
650 #0 - SUBJECT ADDED ENTRY--TOPICAL TERM
Topical term or geographic name as entry element Forced migration
Geographic subdivision Developing countries.
9 (RLIN) 4318
650 #0 - SUBJECT ADDED ENTRY--TOPICAL TERM
Topical term or geographic name as entry element Land settlement
Geographic subdivision Developing countries.
9 (RLIN) 4319
650 #0 - SUBJECT ADDED ENTRY--TOPICAL TERM
Topical term or geographic name as entry element Relocation (Housing)
Geographic subdivision Developing countries.
9 (RLIN) 4320
650 #0 - SUBJECT ADDED ENTRY--TOPICAL TERM
Topical term or geographic name as entry element Rehabilitation
Geographic subdivision Developing countries.
9 (RLIN) 4321
650 #0 - SUBJECT ADDED ENTRY--TOPICAL TERM
Topical term or geographic name as entry element Economic development
General subdivision Social aspects.
9 (RLIN) 1666
700 1# - ADDED ENTRY--PERSONAL NAME
Personal name Cernea, Michael M.
9 (RLIN) 4322
700 1# - ADDED ENTRY--PERSONAL NAME
Personal name McDowell, Chris.
9 (RLIN) 4323
906 ## - LOCAL DATA ELEMENT F, LDF (RLIN)
a 7
b cbc
c orignew
d 1
e ocip
f 19
g y-gencatlg
942 ## - ADDED ENTRY ELEMENTS (KOHA)
Source of classification or shelving scheme Dewey Decimal Classification
Koha item type Short Loan
Holdings
Withdrawn status Lost status Source of classification or shelving scheme Damaged status Not for loan Home library Current library Date acquired Inventory number Total Checkouts Full call number Barcode Date last seen Price effective from Koha item type Source of acquisition
    Dewey Decimal Classification     MUST Main Library MUST Main Library 28/04/2015 2005/24097   362.87 RIS 2000 2015-1228 28/04/2015 28/04/2015 Short Loan  
    Dewey Decimal Classification     MUST Main Library MUST Main Library 08/07/2024 05/24096   362.87 RIS 2000 2024-21818 08/07/2024 08/07/2024 Open Shelf Purchase